Manuel pour l'étude de la langue russe (notice n° 1792678)

détails MARC
000 -LEADER
fixed length control field 01758cam a2200205 4500500
005 - DATE AND TIME OF LATEST TRANSACTION
control field 20260329000107.0
041 ## - LANGUAGE CODE
Language code of text/sound track or separate title fre
042 ## - AUTHENTICATION CODE
Authentication code dc
100 10 - MAIN ENTRY--PERSONAL NAME
Personal name Boyer, Paul
Relator term author
245 00 - TITLE STATEMENT
Title Manuel pour l'étude de la langue russe
260 ## - PUBLICATION, DISTRIBUTION, ETC.
Name of publisher, distributor, etc. Armand Colin,<br/>
Date of publication, distribution, etc. 2024.<br/>
520 ## - SUMMARY, ETC.
Summary, etc. L’apprentissage du russe offre au débutant des difficultés comparables à celles qui rendent malaisé l’abord des langues anciennes, notamment une morphologie complexe, une grande liberté syntaxique et une richesse incomparable du vocabulaire. L’usage de méthodes progressives standard, de grammaires pratiques ou de dictionnaires tiendront longtemps l’étudiant à l’écart de la langue réelle, au risque de le décourager. Ce manuel exceptionnel, régulièrement édité de 1905 à 1967 et rédigé par le maître de la linguistique slave en France, propose à l’étudiant en possession des bases les plus élémentaires de la langue de progresser dans la maîtrise réelle de cette dernière par la lecture commentée mot à mot de 33 textes de Tolstoï, 32 contes et une nouvelle, classés selon une difficulté croissante. Cette édition, intégralement revue et mise à jour, tient compte de l’évolution de la langue et de la civilisation russes. Des compléments à ce manuel sont téléchargeables à l'adresse suivante : https://www.dunod.com/EAN/9782200635541
700 10 - ADDED ENTRY--PERSONAL NAME
Personal name Spéranski, Nikolas
Relator term author
700 10 - ADDED ENTRY--PERSONAL NAME
Personal name Tolstoï, Léon
Relator term author
700 10 - ADDED ENTRY--PERSONAL NAME
Personal name Ganzha, Kirill
Relator term author
700 10 - ADDED ENTRY--PERSONAL NAME
Personal name Spéranski, Nicolas
Relator term author
700 10 - ADDED ENTRY--PERSONAL NAME
Personal name Hernu, Jean-Brice
Relator term author
700 10 - ADDED ENTRY--PERSONAL NAME
Personal name Bezhentseva, Tamara
Relator term author
856 41 - ELECTRONIC LOCATION AND ACCESS
Uniform Resource Identifier <a href="https://shs.cairn.info/manuel-pour-l-etude-de-la-langue-russe--9782200635541?lang=fr&redirect-ssocas=7080">https://shs.cairn.info/manuel-pour-l-etude-de-la-langue-russe--9782200635541?lang=fr&redirect-ssocas=7080</a>

Pas d'exemplaire disponible.

PLUDOC

PLUDOC est la plateforme unique et centralisée de gestion des bibliothèques physiques et numériques de Guinée administré par le CEDUST. Elle est la plus grande base de données de ressources documentaires pour les Étudiants, Enseignants chercheurs et Chercheurs de Guinée.

Adresse

627 919 101/664 919 101

25 boulevard du commerce
Kaloum, Conakry, Guinée

Réseaux sociaux

Powered by Netsen Group @ 2025